Les types de contraste - Statistics

General Stats
  • This quiz has been taken 2 times
  • The average score is 6 of 7
Answer Stats
Answer % Correct
chaud froid
100%
clair obscur
100%
complémentaire
100%
qualité
100%
quantité
100%
simultané
50%
en soi
0%
No matching quizzes found
Score Distribution
Percent of People with Each Score
Percentile by Number Answered
Your Score History
You have not taken this quiz